Principles of The Law of Evidence (A Study of the Indina Evidence Act, 1872) (Record no. 3630)

000 -LEADER
fixed length control field 00416nam a2200145Ia 4500
008 - FIXED-LENGTH DATA ELEMENTS--GENERAL INFORMATION
fixed length control field 181211s9999||||xx |||||||||||||| ||und||
020 ## - INTERNATIONAL STANDARD BOOK NUMBER
International Standard Book Number 9789380289847
082 ## - DEWEY DECIMAL CLASSIFICATION NUMBER
Classification number 347.06
Item number SIN/P
100 ## - MAIN ENTRY--PERSONAL NAME
Personal name Singh, Avtar
245 #0 - TITLE STATEMENT
Title Principles of The Law of Evidence (A Study of the Indina Evidence Act, 1872)
250 ## - EDITION STATEMENT
Edition statement 19th Edition
260 ## - PUBLICATION, DISTRIBUTION, ETC.
Place of publication, distribution, etc. Allahabad
Name of publisher, distributor, etc. Central Law Publications
Date of publication, distribution, etc. 2011
300 ## - PHYSICAL DESCRIPTION
Extent 616.P
942 ## - ADDED ENTRY ELEMENTS (KOHA)
Koha item type Book
Holdings
Withdrawn status Lost status Damaged status Not for loan Collection code Permanent Location Current Location Date acquired Cost, normal purchase price Total Checkouts Barcode Date last seen Date last checked out Price effective from Koha item type
        School of Law (Noida) MUIT-NOIDA MUIT-NOIDA 2018-12-11 350.00 22 MLS02229 2025-04-15 2025-04-09 2018-12-11 Donated Books

All Rights Reserved@MUIT

Powered by Koha